000 00231nam a2200097Ia 4500
008 170620s9999 xx 000 0 und d
100 _avijaykant
245 0 _aGANIT KA KAKSHA SHIKSHAN
260 _bRadha Prakashan Mandir Agra
260 _c2017
300 _a151
999 _c28360
_d28360